<?xml version="1.0" encoding="UTF-8"?>
<record
    xmlns:xsi="http://www.w3.org/2001/XMLSchema-instance"
    xsi:schemaLocation="http://www.loc.gov/MARC21/slim http://www.loc.gov/standards/marcxml/schema/MARC21slim.xsd"
    xmlns="http://www.loc.gov/MARC21/slim">

  <leader>01574nam a2200289 a 4500</leader>
  <controlfield tag="001">80895</controlfield>
  <controlfield tag="003">BD-RjUL</controlfield>
  <controlfield tag="005">20221205155559.0</controlfield>
  <controlfield tag="008">221205m18991903ua            000 0 ara d</controlfield>
  <datafield tag="035" ind1=" " ind2=" ">
    <subfield code="a">(BD-RjUL)80895</subfield>
  </datafield>
  <datafield tag="040" ind1=" " ind2=" ">
    <subfield code="a">IAA</subfield>
    <subfield code="b">eng</subfield>
    <subfield code="c">BD-RjUL</subfield>
  </datafield>
  <datafield tag="041" ind1=" " ind2=" ">
    <subfield code="a">ara</subfield>
  </datafield>
  <datafield tag="082" ind1=" " ind2=" ">
    <subfield code="2">23</subfield>
    <subfield code="a">297.8</subfield>
    <subfield code="b">IBK 1903</subfield>
  </datafield>
  <datafield tag="100" ind1="1" ind2=" ">
    <subfield code="a">Ibn &#x1E24;azm, &#x2BB;Al&#x12B; ibn A&#x1E25;mad,&#x627;&#x628;&#x646; &#x62D;&#x632;&#x645;&#x60C; &#x639;&#x644;&#x64A; &#x628;&#x646; &#x627;&#x62D;&#x645;&#x62F;&#x60C;</subfield>
    <subfield code="d">994-1064</subfield>
    <subfield code="9">6154</subfield>
  </datafield>
  <datafield tag="245" ind1="1" ind2="0">
    <subfield code="a">Kitab al-fasl fi al-milal wa-al-ahwa&#x2BC; wa-al-nihal /&#x643;&#x62A;&#x627;&#x628; &#x627;&#x644;&#x641;&#x635;&#x644; &#x641;&#x64A; &#x627;&#x644;&#x645;&#x644;&#x644; &#x648;&#x627;&#x644;&#x627;&#x647;&#x648;&#x627;&#x621; &#x648;&#x627;&#x644;&#x646;&#x62D;&#x644; /</subfield>
    <subfield code="c">&#x62A;&#x635;&#x646;&#x64A;&#x641; &#x627;&#x628;&#x649; &#x645;&#x62D;&#x645;&#x62F; &#x639;&#x644;&#x649; &#x628;&#x646; &#x62D;&#x632;&#x645; &#x627;&#x644;&#x627;&#x646;&#x62F;&#x644;&#x633;&#x649; &#x627;&#x644;&#x638;&#x627;&#x647;&#x631;&#x649;&#x60C; &#x627;&#x644;&#x645;&#x62A;&#x648;&#x641;&#x649; &#x633;&#x646;&#x629; 456 &#x647;&#x62C;&#x631;&#x64A;&#x629;&#x60C; &#x648;&#x628;&#x647;&#x627;&#x645;&#x634;&#x647; &#x643;&#x62A;&#x627;&#x628; &#x627;&#x644;&#x645;&#x644;&#x644; &#x648;&#x627;&#x644;&#x646;&#x62D;&#x644; &#x644;&#x627;&#x628;&#x64A; &#x627;&#x644;&#x641;&#x62A;&#x62D; &#x639;&#x628;&#x62F; &#x627;&#x644;&#x643;&#x631;&#x64A;&#x645; &#x627;&#x644;&#x634;&#x647;&#x631;&#x633;&#x62A;&#x627;&#x646;&#x649;&#x60C; &#x627;&#x644;&#x645;&#x62A;&#x648;&#x641;&#x649; &#x633;&#x646;&#x629; 548&#x647;&#x62C;.      li-Abi Muhammad &#x2BB;Ali Ibn Hazm al-Andalusi al-Zahiri. Wa-bi-hamishihi al-Milal wa-al-nihal / li-Abi al-Fath Mu&#x1E23;ammad ibn &#x2BB;Abd al-Karim al-Shahrastani ; tarjamat Ibn Hazm mulkhasah min Ibn Khallikan.</subfield>
  </datafield>
  <datafield tag="246" ind1="3" ind2="1">
    <subfield code="a">History of religion (456 - A.D. 1064)</subfield>
    <subfield code="b">&#x627;&#x644;&#x645;&#x644;&#x644; &#x648;&#x627;&#x644;&#x646;&#x62D;&#x644;</subfield>
  </datafield>
  <datafield tag="246" ind1="3" ind2="3">
    <subfield code="a">&#x643;&#x62A;&#x627;&#x628; &#x627;&#x644;&#x641;&#x635;&#x644; &#x641;&#x64A; &#x627;&#x644;&#x645;&#x644;&#x644; &#x648;&#x627;&#x644;&#x623;&#x647;&#x648;&#x627;&#x621; &#x648;&#x627;&#x644;&#x646;&#x62D;&#x644;</subfield>
  </datafield>
  <datafield tag="260" ind1=" " ind2=" ">
    <subfield code="a">lebanon :</subfield>
    <subfield code="b">Maktab i  Khiat ,</subfield>
    <subfield code="c">1899-1903.</subfield>
  </datafield>
  <datafield tag="300" ind1=" " ind2=" ">
    <subfield code="a">5 volumes in 1 (224, 193, 264, 227, 144 pages) ;</subfield>
    <subfield code="c">30 cm.</subfield>
  </datafield>
  <datafield tag="490" ind1=" " ind2=" ">
    <subfield code="a">&#x631;&#x648;&#x627;&#x626;&#x639; &#x627;&#x644;&#x62A;&#x631;&#x627;&#x62B; &#x627;&#x644;&#x639;&#x631;&#x628;&#x64A;</subfield>
  </datafield>
  <datafield tag="505" ind1=" " ind2=" ">
    <subfield code="a">Vol.1-5</subfield>
  </datafield>
  <datafield tag="650" ind1=" " ind2=" ">
    <subfield code="a">Islamic sects</subfield>
    <subfield code="9">5581</subfield>
  </datafield>
  <datafield tag="650" ind1=" " ind2=" ">
    <subfield code="a">Islam</subfield>
    <subfield code="v">Doctrines</subfield>
    <subfield code="9">739</subfield>
  </datafield>
  <datafield tag="650" ind1=" " ind2=" ">
    <subfield code="a">Islam</subfield>
    <subfield code="v">Apologetic works</subfield>
    <subfield code="9">4409</subfield>
  </datafield>
  <datafield tag="830" ind1=" " ind2=" ">
    <subfield code="a">&#x631;&#x648;&#x627;&#x626;&#x639; &#x627;&#x644;&#x62A;&#x631;&#x627;&#x62B; &#x627;&#x644;&#x639;&#x631;&#x628;&#x64A;</subfield>
    <subfield code="9">1457</subfield>
  </datafield>
  <datafield tag="942" ind1=" " ind2=" ">
    <subfield code="2">ddc</subfield>
    <subfield code="c">BK</subfield>
  </datafield>
  <datafield tag="999" ind1=" " ind2=" ">
    <subfield code="c">80895</subfield>
    <subfield code="d">80895</subfield>
  </datafield>
  <datafield tag="952" ind1=" " ind2=" ">
    <subfield code="0">0</subfield>
    <subfield code="1">0</subfield>
    <subfield code="2">ddc</subfield>
    <subfield code="4">0</subfield>
    <subfield code="7">1</subfield>
    <subfield code="8">NFIC</subfield>
    <subfield code="a">RUCL</subfield>
    <subfield code="b">RUCL</subfield>
    <subfield code="c">Reading</subfield>
    <subfield code="d">1968-07-22</subfield>
    <subfield code="e">Swets &amp; Zeitlinger</subfield>
    <subfield code="g">190.00</subfield>
    <subfield code="l">0</subfield>
    <subfield code="o">A 297.8 IBK  V-1-5 1903</subfield>
    <subfield code="r">2022-12-05 00:00:00</subfield>
    <subfield code="t">C-1</subfield>
    <subfield code="w">2022-12-05</subfield>
    <subfield code="y">BK</subfield>
  </datafield>
</record>
